000 00231nam a2200097Ia 4500
005 20251222120857.0
008 251222s1900||||xx |||||||||||||| ||spa||
082 _aDVD0070/D95/2005
245 0 _aLa passion de Jeanne d'Arc
942 _cDVD
999 _c2460
_d2460